Highest Grossing Movies to Miss the Top 10 Quiz Stats

 Plays Quiz Updated Jan 10, 2019

Challenge
Share
Tweet
Score 0/25 Timer 10:00
6 Plays Today
% Correct
The Wrestler
80.8%
The Pianist
77.9%
Hotel Rwanda
75.4%
The Artist
74.1%
I, Tonya
72.8%
Moonlight
66.9%
Capote
66%
Garden State
60.1%
Bowling for Columbine
54.9%
The Reader
54.5%
Monster's Ball
52.9%
Boyhood
52.1%
Revolutionary Road
47%
% Correct
The Gods Must Be Crazy
43%
Adaptation.
41.6%
The Favourite
37.6%
Match Point
27.2%
Much Ado About Nothing
23.3%
The Way, Way Back
22.4%
The Great Debaters
17.4%
In the Bedroom
16.5%
Waking Ned Devine
15.1%
Howards End
13.9%
Like Water for Chocolate
4.2%
Il Postino
4.2%

You're not logged in!

Compare scores with friends on all Sporcle quizzes.
OR
Log In

You Might Also Like...

Show Comments

Extras

Top Quizzes Today


Score Distribution

Your Account Isn't Verified!

In order to create a playlist on Sporcle, you need to verify the email address you used during registration. Go to your Sporcle Settings to finish the process.

Report this User

Report this user for behavior that violates our Community Guidelines.

Details: